| 000 | 00606nam a2200193Ia 4500 | ||
|---|---|---|---|
| 003 | GCL | ||
| 008 | 140319s9999 xx 000 0 ara d | ||
| 040 |
_aGCL / _cGCL |
||
| 082 | 0 | 4 |
_a416 _bع م |
| 100 | 1 | _aعبدالهادى عبدالله عطية | |
| 245 | 1 | 0 |
_aملامح التجديد فى موسيقى الشعر العربى / _cعبدالهادى عبدالله عطية |
| 260 |
_a[S.N] : _bدار المعرفة الجامعية ، _c1990 |
||
| 300 | _a184 ص | ||
| 490 | _a | ||
| 650 | 0 | 4 | _aالشعر العربى |
| 650 | 0 | 4 | _aالشعر |
| 650 | 0 | 4 | _aالاوزان |
| 942 |
_2ddc _cBK |
||
| 999 |
_c36787 _d36787 |
||